The 3 secrets to effective time investment : (Record no. 81174)

MARC details
000 -LEADER
fixed length control field 01082nam a22002897a 4500
005 - DATE AND TIME OF LATEST TRANSACTION
control field 20170504164452.0
010 ## - LCCN (DPL NO)
LC control number ENG-108806
020 ## - INTERNATIONAL STANDARD BOOK NUMBER
International Standard Book Number 9781259098505
Terms of availability 420.00
020 ## - INTERNATIONAL STANDARD BOOK NUMBER
International Standard Book Number 1259098508
Terms of availability 420.00
035 ## - SYSTEM CONTROL NUMBER
System control number EN-92339
035 ## - SYSTEM CONTROL NUMBER
System control number B-534912-919
035 ## - SYSTEM CONTROL NUMBER
System control number B-667482
037 ## - SOURCE OF ACQUISITION
Source of stock number/acquisition DBAD/PUB
037 ## - SOURCE OF ACQUISITION
Source of stock number/acquisition BSB/Ven
Stock number dpl
082 ## - DEWEY DECIMAL CLASSIFICATION NUMBER
Classification number 650.11
100 ## - MAIN ENTRY--PERSONAL NAME
Personal name Saunders, Elizabeth Grace
245 ## - TITLE STATEMENT
Title The 3 secrets to effective time investment :
Statement of responsibility, etc by Elizabeth Grace Saunders
Remainder of title achieve more success with less stress /
246 ## - VARYING FORM OF TITLE
Title proper/short title Three secrets to effective time investment
260 ## - PUBLICATION, DISTRIBUTION, ETC. (IMPRINT)
Place of publication, distribution, etc New Delhi
Name of publisher, distributor, etc McGraw Hill Education
Date of publication, distribution, etc 2013
270 ## - ADDRESS
Address P-24 Green Park Extension
City New Delhi
Postal code 110016
300 ## - PHYSICAL DESCRIPTION
Extent xvi,255p.
Dimensions 23cm(pbk)
500 ## - GENERAL NOTE
General note Includes index
650 ## - SUBJECT ADDED ENTRY--TOPICAL TERM
Topical term or geographic name as entry element Time management.
942 ## - ADDED ENTRY ELEMENTS (KOHA)
Source of classification or shelving scheme Dewey Decimal Classification
Item type English Books
Call number suffix SAU
Classification part 650.11
Holdings
Withdrawn status Lost status Not for loan Collection code Home library Current library Date acquired Source of acquisition Cost, normal purchase price Full call number Barcode Copy number Cost, replacement price Koha item type
      Non-fiction Ashok Vihar Ashok Vihar 04/05/2017 BPPD/EN/2013-14/AV/16-17/363/15.02.2017/560/03.03.2017/17.3.2017 510.00 650.11 SAU B-667482 1 510.00 English Books
      Non-fiction Bawana Bawana 13/08/2014 BSB/IN604/27.03.2014/143/25.03.2014/29.03.2014 420.00 650.11 SAU B-534917 1 420.00 English Books
      Non-fiction Central Library Central Library 13/08/2014 BSB/IN604/27.03.2014/143/25.03.2014/29.03.2014 420.00 650.11 SAU B-534912 1 420.00 English Books
    Not For Loan Non-fiction D.B.Act.Division D.B.Act.Division 17/12/2013 DBAD/PUB 420.00 650.11 SAU EN-92339 1 420.00 English Books
      Non-fiction Narela Narela 13/08/2014 BSB/IN604/27.03.2014/143/25.03.2014/29.03.2014 420.00 650.11 SAU B-534918 1 420.00 English Books
      Non-fiction Patel Nagar Patel Nagar 13/08/2014 BSB/IN604/27.03.2014/143/25.03.2014/29.03.2014 420.00 650.11 SAU B-534913 1 420.00 English Books
      Non-fiction R.K.Puram-8 R.K.Puram-8 13/08/2014 BSB/IN604/27.03.2014/143/25.03.2014/29.03.2014 420.00 650.11 SAU B-534915 1 420.00 English Books
      Non-fiction Sarojini Nagar Sarojini Nagar 13/08/2014 BSB/IN604/27.03.2014/143/25.03.2014/29.03.2014 420.00 650.11 SAU B-534914 1 420.00 English Books
      Non-fiction Sarojini Nagar Sarojini Nagar 13/08/2014 BSB/IN604/27.03.2014/143/25.03.2014/29.03.2014 420.00 650.11 SAU B-534919 1 420.00 English Books
      Non-fiction Vinoba Puri Vinoba Puri 13/08/2014 BSB/IN604/27.03.2014/143/25.03.2014/29.03.2014 420.00 650.11 SAU B-534916 1 420.00 English Books

© Delhi Public Library
Hit Counter
free hit counter